Historia moderna de El Salvador (Registro nro. 21542)

Detalles MARC
000 -CABECERA
Longitud fija campo de control 00570nam a22001931 4500
001 - NÚMERO DE CONTROL
Número de control bimo0001744313
003 - IDENTIFICADOR DELl NÚMERO DE CONTROL
Identificador del número de control OSt
005 - FECHA Y HORA DE LA ÚLTIMA TRANSACCIÓN
Fecha y hora de la última transacción 20150623152747.0
008 - CÓDIGOS DE INFORMACIÓN DE LONGITUD FIJA
Códigos de información de longitud fija 011112s1958 slv spa
040 ## - FUENTE DE LA CATALOGACIÓN
Centro catalogador de origen SpMaBN
Lengua de catalogación spa
Centro transcriptor BMC
082 ## - NÚMERO DE LA CLASIFICACIÓN DECIMAL DEWEY
Númeroo de clasificación 972.84
100 1# - PUNTO DE ACCESO PRINCIPAL-NOMBRE DE PERSONA
9 (RLIN) 9243
Nombre de persona Gavidia, Francisco
Fechas asociadas al nombre 1864-1955
245 10 - MENCIÓN DE TÍTULO
Título Historia moderna de El Salvador
Mención de responsabilidad, etc. Francisco Gavidia
260 0# - PUBLICACIÓN, DISTRIBUCIÓN, ETC. (PIE DE IMPRENTA)
Lugar de publicación, distribución, etc. San Salvador
Nombre del editor, distribuidor, etc. Imp. Meléndez
Fecha de publicación, distribución, etc. [1918]
300 ## - DESCRIPCIÓN FÍSICA
Extensión 2 v.
Dimensiones 21 cm
505 ## - NOTA DE CONTENIDO CON FORMATO
Nota de contenido con formato Contiene: Vol.1 parte 1 y parte 2
651 #4 - PUNTO DE ACCESO ADICIONAL DE MATERIA - NOMBRE GEOGRÁFICO
9 (RLIN) 3692
Nombre geográfico El Salvador
Subdivisión de materia general Historia
942 ## - ENTRADA DE ELEMENTOS AGREGADOS (KOHA)
Fuente de clasificaión o esquema Dewey Decimal Classification
Koha [por defecto] tipo de item 1- Monografias
Parte de clasificación prozim
Existencias
Suprimido Perdido Fuente de clasificación o esquema Estropeado Restricciones de uso No para préstamo Código de colección Localización permanente Localización actual Localización en estanter&íacute;as Fecha adquisición Fuente de adquisición Número de inventario Préstamos totales Signatura completa Código de barras Fecha última consulta Fecha último préstamo Coste, precio reemplazado Fecha del precio de reemplazo Tipo de item de Koha
NULL NULL Dewey Decimal Classification NULL Prestable NULL NULL Biblioteca Miguel de Cervantes - UNICAES Biblioteca Miguel de Cervantes - UNICAES Sala Principal 07/07/2015 Donación - Romeo Tovar Astorga 030071 7 972.84 GAV his (v. 1) 1032415 26/10/2017 25/10/2017 18.00 07/07/2015 1- Monografias
NULL NULL Dewey Decimal Classification NULL Prestable NULL NULL Biblioteca Miguel de Cervantes - UNICAES Biblioteca Miguel de Cervantes - UNICAES Sala Principal 07/07/2015 Donación - Romeo Tovar Astorga 030072 4 972.84 GAV his (v. 2) 1032416 20/05/2019 20/05/2019 12.00 07/07/2015 1- Monografias